30 największych miast niewojewódzkich w Polsce - Statystyki

Ogólne statystyki
  • Ten quiz został rozwiązany 44 razy
  • Średni wynik to 26 z 30
Statystyki odpowiedzi
Lp. Ludność Województwo Miasto % Poprawnych
1. 242 tys. pomorskie Gdynia
100%
5. 170 tys. śląskie Gliwice
98%
4. 188 tys. śląskie Sosnowiec
98%
2. 207 tys. śląskie Częstochowa
95%
3. 196 tys. mazowieckie Radom
95%
18. 101 tys. śląskie Chorzów
93%
16. 103 tys. małopolskie Tarnów
93%
20. 93 tys. wielkopolskie Kalisz
91%
14. 111 tys. mazowieckie Płock
91%
19. 101 tys. dolnośląskie Wałbrzych
91%
12. 114 tys. śląskie Dąbrowa Górnicza
88%
17. 101 tys. kujawsko-pomorskie Włocławek
88%
6. 166 tys. śląskie Bielsko-Biała
86%
8. 148 tys. śląskie Bytom
86%
13. 113 tys. warmińsko-mazurskie Elbląg
86%
15. 105 tys. zachodniopomorskie Koszalin
86%
11. 122 tys. śląskie Tychy
86%
22. 89 tys. kujawsko-pomorskie Grudziądz
84%
21. 92 tys. dolnośląskie Legnica
84%
7. 154 tys. śląskie Zabrze
84%
28. 75 tys. dolnośląskie Jelenia Góra
81%
30. 70 tys. wielkopolskie Piła
81%
24. 86 tys. pomorskie Słupsk
81%
9. 131 tys. śląskie Rybnik
79%
10. 131 tys. śląskie Ruda Śląska
77%
26. 80 tys. małopolskie Nowy Sącz
74%
27. 75 tys. mazowieckie Siedlce
74%
23. 87 tys. śląskie Jaworzno
72%
29. 71 tys. śląskie Mysłowice
70%
25. 82 tys. śląskie Jastrzębie-Zdrój
67%
Nie znaleziono quizów pasujących do podanych kryteriów
Rozkład punktacji
Procent ludzi z każdym wynikiem
Percentyl według liczby udzielonych odpowiedzi
Twoja historia wyników
Nie rozwiązałeś tego quizu